
Library Catalogue

| 000 -LEADER | |
|---|---|
| fixed length control field | 01416nam a2200217Ia 4500 |
| 003 - CONTROL NUMBER IDENTIFIER | |
| control field | OSt |
| 005 - DATE AND TIME OF LATEST TRANSACTION | |
| control field | 20210825102758.0 |
| 008 - FIXED-LENGTH DATA ELEMENTS--GENERAL INFORMATION | |
| fixed length control field | 160316s1999 xxu||||| |||| 00| 0 eng d |
| 020 ## - INTERNATIONAL STANDARD BOOK NUMBER | |
| International Standard Book Number | 9780761953432 |
| 040 ## - CATALOGING SOURCE | |
| Transcribing agency | n |
| 082 ## - DEWEY DECIMAL CLASSIFICATION NUMBER | |
| Classification number | 362.800000 |
| Item number | JAC |
| 100 ## - MAIN ENTRY--PERSONAL NAME | |
| Personal name | Jackson Stevi |
| 245 ## - TITLE STATEMENT | |
| Title | Heterosexuality in question |
| 260 ## - PUBLICATION, DISTRIBUTION, ETC. | |
| Place of publication, distribution, etc. | London |
| Name of publisher, distributor, etc. | Sage Publications |
| Date of publication, distribution, etc. | 1999 |
| 300 ## - PHYSICAL DESCRIPTION | |
| Extent | 206p |
| Dimensions | x |
| 365 ## - TRADE PRICE | |
| Price amount | Rs. 1,112.90 |
| 505 ## - FORMATTED CONTENTS NOTE | |
| Formatted contents note | Table of contents<br/>PART ONE: THE CONTEXT;<br/>Querying Heterosexuality;<br/>A Personal History of Feminist and Sociological Theorizing;<br/>PART TWO: EARLY FOUNDATIONS;<br/>On the Social Construction of Female Sexuality;<br/>The Social Context of Rape;<br/>Sexual Scripts and Motivation;<br/>How to Make Babies;<br/>Sexism in Sex Education;<br/>Femininity, Masculinity and Sexuality;<br/>The Desire for Freud;<br/>Psychoanalysis and Feminism;<br/>PART THREE: RECENT INTERVENTIONS;<br/>Even Sociologists Fall in Love;<br/>An Exploration in the Sociology of Emotions;<br/>Women and Heterosexual Love;<br/>Complicity, Resistance and Change;<br/>Gender and Heterosexuality;<br/>A Materialist Feminist Analysis;<br/>Lost Childhood or Sexualized Girlhood;<br/>Taking Liberties;<br/>Feminism, Gay Rights and the Problem of Heterosexuality;<br/>Heterosexuality, Heteronormativity and Gender Hierarchy;<br/>Some Reflections on Recent Debates |
| 650 ## - SUBJECT ADDED ENTRY--TOPICAL TERM | |
| Topical term or geographic name entry element | 1. Gender Studies - Heterosexuality2. Sociology - Heterosexuality |
| 700 ## - ADDED ENTRY--PERSONAL NAME | |
| Personal name | |
| -- | |
| 942 ## - ADDED ENTRY ELEMENTS (KOHA) | |
| Source of classification or shelving scheme | Dewey Decimal Classification |
| Koha item type | BOOKs |
| Withdrawn status | Lost status | Damaged status | Not for loan | Home library | Current library | Shelving location | Date acquired | Cost, normal purchase price | Total Checkouts | Full call number | Barcode | Date last seen | Price effective from | Koha item type |
|---|---|---|---|---|---|---|---|---|---|---|---|---|---|---|
| NLS | NLS | Library Compactors | 30/05/2017 | 1112.90 | 362.8 JAC | 16000 | 30/05/2017 | 30/05/2017 | BOOKs |